| 000 | 00508nam a2200193Ia 4500 | ||
|---|---|---|---|
| 003 | OSt | ||
| 005 | 20230206164832.0 | ||
| 008 | 210210b1958 xxu||||| |||| 00| 0 eng d | ||
| 040 | _cAL | ||
| 041 | _aeng | ||
| 082 | _a822/293 | ||
| 100 |
_aCHURCHILL (W S) _970943 |
||
| 245 | _aHistory of the english speaking peoples Vol IV the great democracies | ||
| 260 |
_aLondon _bThe Educational Publishing _c1958 |
||
| 440 |
_aIV _970944 |
||
| 690 |
_aEnglish Prose _970945 |
||
| 906 | _a012479 | ||
| 942 |
_2ddc _cBK |
||
| 999 |
_c131280 _d131280 |
||